AH International Schools' Libraries

I want hat (KHMER) / (Record no. 48896)

MARC details
000 -LEADER
fixed length control field 00280nam a2200109 4500
020 ## - INTERNATIONAL STANDARD BOOK NUMBER
International Standard Book Number 9789924342151
100 ## - MAIN ENTRY--PERSONAL NAME
Personal name Hong, Sreyroth
9 (RLIN) 86286
245 ## - TITLE STATEMENT
Title I want hat (KHMER) /
Statement of responsibility, etc Sreyroth Hong
260 ## - PUBLICATION, DISTRIBUTION, ETC. (IMPRINT)
Place of publication, distribution, etc Cambodia
Name of publisher, distributor, etc Sipar
Date of publication, distribution, etc 2024
300 ## - PHYSICAL DESCRIPTION
Extent 20 p.
Other physical details col. ill.
Dimensions 25 cm.
942 ## - ADDED ENTRY ELEMENTS (KOHA)
Source of classification or shelving scheme
Koha item type Book
Holdings
Withdrawn status Lost status Source of classification or shelving scheme Damaged status Not for loan Collection code Home library Current library Date acquired Total Checkouts Full call number Barcode Checked out Date last seen Date checked out Price effective from Koha item type
          Siem Riep Asian Hope Primary Library Asian Hope Primary Library 05/06/2025 14 KHMER E HON 206977 05/06/2026 04/29/2026 04/29/2026 05/06/2025 Book
          Siem Riep Asian Hope Primary Library Asian Hope Primary Library 05/06/2025 13 KHMER E HON 206726 04/17/2026 04/10/2026 04/10/2026 05/06/2025 Book

For any Logos Library related questions please contact Miss Art at swongnarasuk@asianhope.org.

For any Asian Hope Library related questions please contact Miss Raza at graza@asianhope.org.

Powered by Koha